000 00422nam a2200145Ia 4500
008 231129s1993||||xx |||||||||||||| ||spa||
020 _a84-7509-930-0
040 _bspa
082 _a791.430946 M778v
100 _aMonteverde Jose Enrique
245 0 _aVeinte aƱos de cine espanol (1973-1992) : un cine bajo la paradoja
260 _c1993
264 _aPaidos
942 _2ddc
_cBKS
999 _c26148
_d26148